Особенности фильтрации гетерогенных систем

Бібліографічні деталі
Автор: Сулейманов Б. А. Багир Алекперович
Резюме:В монографии рассмотрены вопросы течения пластовых и применяемых в нефтедобыче гетерогенных систем в однородных и неоднородных пористых средах. Приведены экспериментальные и теоретические исследования фильтрации полимерных растворов, нефтяных дисперсных систем и газированных жидкостей в докритической области. Предложен механизм наблюдаемых явлений, модели стационарной и нестационарной фильтрации гетерогенных систем, дано сравнение результатов моделирования с экспериментом и промысловыми данными. Подробно описано образование докритических нанопузырьков-зародышей в газожидкостных смесях, сопутствующий эффект проскальзывания, условия его возникновения и влияние на процесс псевдоожижения и фильтрации газированных ньютоновских и неньютоновских жидкостей. Приведены исследования образования фрактальных структур и течения фрактально-неоднородных систем, а также фильтрации во фрактально-неоднородных пористых средах. Рассмотрены волновые процессы при вибровоздействи на пластовые системы, а также вопросы применения вейвлет преобразования для решения задач подземной гидродинамики. Книга предназначена научным работникам, инженерам-нефтяникам, аспирантам и студентам соответствующих вузов.
Мова:Російська
Опубліковано: Москва, Институт компьютерных исследований, 2006
Серія:Современные нефтегазовые технологии
Предмети:
Формат: Книга
KOHA link:https://koha.lib.tpu.ru/cgi-bin/koha/opac-detail.pl?biblionumber=126205

MARC

LEADER 00000nam0a2200000 4500
001 126205
005 20231101215959.0
010 |a 5939725929 
035 |a (RuTPU)RU\TPU\book\136537 
090 |a 126205 
100 |a 20071126d2006 k y0rusy50 ca 
101 0 |a rus 
102 |a RU 
105 |a a z 001zy 
200 1 |a Особенности фильтрации гетерогенных систем  |f Б. А. Сулейманов 
210 |a Москва  |c Институт компьютерных исследований  |d 2006 
215 |a 356 с.  |c ил. 
225 1 |a Современные нефтегазовые технологии 
320 |a Библиография в конце глав. 
330 |a В монографии рассмотрены вопросы течения пластовых и применяемых в нефтедобыче гетерогенных систем в однородных и неоднородных пористых средах. Приведены экспериментальные и теоретические исследования фильтрации полимерных растворов, нефтяных дисперсных систем и газированных жидкостей в докритической области. Предложен механизм наблюдаемых явлений, модели стационарной и нестационарной фильтрации гетерогенных систем, дано сравнение результатов моделирования с экспериментом и промысловыми данными. Подробно описано образование докритических нанопузырьков-зародышей в газожидкостных смесях, сопутствующий эффект проскальзывания, условия его возникновения и влияние на процесс псевдоожижения и фильтрации газированных ньютоновских и неньютоновских жидкостей. Приведены исследования образования фрактальных структур и течения фрактально-неоднородных систем, а также фильтрации во фрактально-неоднородных пористых средах. Рассмотрены волновые процессы при вибровоздействи на пластовые системы, а также вопросы применения вейвлет преобразования для решения задач подземной гидродинамики. Книга предназначена научным работникам, инженерам-нефтяникам, аспирантам и студентам соответствующих вузов. 
606 1 |a Нефтяные пласты  |x Фильтрация  |2 stltpush  |3 (RuTPU)RU\TPU\subj\45983  |9 65172 
610 1 |a нефтегазодобыча 
610 1 |a пористые среды 
610 1 |a неньютоновские жидкости 
610 1 |a докритические области 
610 1 |a газированные жидкости 
610 1 |a течение 
610 1 |a фрактальные структуры 
610 1 |a фрактально-неоднородные системы 
610 1 |a реология 
610 1 |a пластовые системы 
610 1 |a вибровоздействие 
610 1 |a волновые процессы 
610 1 |a подземная гидродинамика 
610 1 |a вейвлет-преобразования 
610 1 |a гетерогенные системы 
675 |a 622.276:532  |v 3 
700 1 |a Сулейманов  |b Б. А.  |g Багир Алекперович 
801 1 |a RU  |b 63413507  |c 20071126  |g PSBO 
801 2 |a RU  |b 63413507  |c 20140707  |g PSBO 
942 |c BK 
959 |a 84/20071126  |d 1  |e 425,00  |f ЧЗТЛ:1